| 000 | 01096nam a2200205Ia 4500 | ||
|---|---|---|---|
| 008 | 151119s9999||||xx |||||||||||||| ||und|| | ||
| 082 | _a923.1 | ||
| 082 | _bGKKV19314 | ||
| 100 | _aहेरवाडकर रघुनाथ विनायक | ||
| 245 | _aश्रीमंत छत्रपती संभाजी महाराज आणि थोरले राजाराम यांचीचरित्रे | ||
| 260 | _aपुणे | ||
| 260 | _bव्हीनस प्रकाशन | ||
| 260 | _c1972 | ||
| 300 | _a125p. | ||
| 600 | _aहेरवाडकर रघुनाथ विनायक | ||
| 630 | _aश्रीमंत छत्रपती संभाजी महाराज आणि थोरले राजाराम यांचीचरित्रे | ||
| 700 | _aहेरवाडकर रघुनाथ विनायक | ||
| 730 | _aश्रीमंत छत्रपती संभाजी महाराज आणि थोरले राजाराम यांचीचरित्रे | ||
| 942 | _cBOOK | ||
| 999 |
_c1072280 _d1072277 |
||